LEADER 01434nas a2200277 i 4500 001 000000203385 003 CaOOAMICUS 005 20111010000000.0 008 110623b2011 it uu u0 0spa r 013 $a182097 040 $aSeMil$bita 245 10$a2011 /$cDirector Domingo García Guillén ; Consejo de redacción Francisco Conesa Ferrer, Vicente V. Sáez Gonzálvez, Pedro Luis Vives Pérez. 260 $aAlicante :$bObispado de Orihuela-Alicante,$ccopyr. 2011. 300 $a552 p. ;$c24 cm. 500 $aArticoli con sintesi in spagnolo [Resumen] e in inglese [Abstract] in testa. - In 4. di copertina : Fundación Cajamurcia. 700 1 $aFundación Cajamurcia .$0(OLS)http://semarc/name/66781 700 1 $aGarcía Guillén, Domingo <1976->.$0(OLS)http://semarc/name/66782 700 1 $aVives Pérez, Pedro Luis.$0(OLS)http://semarc/name/44612 700 1 $aSáez Gonzálvez, Vicente V.$0(OLS)http://semarc/name/66783 700 1 $aConesa Ferrer, Francisco .$0(OLS)http://semarc/name/24085 773 0 $tFacies Domini.$dAlicante : Obispado de Orihuela-Alicante, 2009.$x1889-5662$w()21656 850 $aSeMil 852 $aSeMil$W1$xVenegono$y1$m178 5 3$j153879$B153879$CSeMilBibl$Z2$F168390 $85 961 $aCambio: Scuola Cattolica 996 $6245$a2011$9(OLS)http://semarc/title/283320 996 $6260$aAlicante :$bObispado de Orihuela-Alicante$9(OLS)http://semarc/publisher/35568 LEADER 01415nam a2200289 i 4500 001 000000108796 003 CaOOAMICUS 005 20121008000000.0 008 021011s1999 it u000 u ita u 013 $a81476 020 $a88-307-0834-8 040 $aSeMil$bita 100 1 $aConvegno Missionario Nazionale <2. ; 10-13 settembre 1998 ; Bellaria>.$0(OLS)http://semarc/name/45693 245 13$aIl fuoco della missione :$bla missione Ad Gentes interpella la Chiesa che è in Italia : [atti del] Convegno Missionario Nazionale, Bellaria, 10-13 settembre 1998. 260 $aBologna :$bEMI,$ccopyr. 1999. 300 $a352 p. ;$c21 cm. 490 0 $aMissione e Chiesa locale 500 $aContiene : Appendici. - Dono del Card. Dionigi Tettamanzi. 650 4$aMissioni - Studi.$0(OLS)http://semarc/subject/7759 830 0$aMissione e Chiesa locale.$0(OLS)http://semarc/title/10089 850 $aSeMil 852 $aSeMil$W1$xVenegono$y1$m3E II 340 °$j64856$B64856$CSeMilBibl$Z2$F73642 $81 941 1 $a5 961 $aOmaggio: Tettamanzi Card. Dionigi 996 $6020$a88-307-0834-8$9(OLS)http://semarc/number/89878 996 $6245$aIl fuoco della missione :$bla missione Ad Gentes interpella la Chiesa che è in Italia : [atti del] Convegno Missionario Nazionale, Bellaria, 10-13 settembre 1998$9(OLS)http://semarc/title/157826 996 $6260$aBologna :$bEMI$9(OLS)http://semarc/publisher/29618